000 00934cam a2200265 4500
001 WB3631-06
008 000000n2000 000 0 eng u
035 _a(Sirsi) u107710
245 _aHomes feature e-shopping facility
260 _c2000
490 _aIndependent on Sunday
_v6 August 2000, 9(1)
520 _aLaing Homes has just completed the first of a new generation of apartments featuring built-in "delivery docks" - allowing groceries to be delivered to the kitchen by firms taking orders via the internet. It is hoped the unit could soon be available to build into existing property.
590 _aWB
650 _aHOUSING
650 _aHOUSE DESIGN
650 _aBUILT ENVIRONMENT
650 _aSHOPPING
650 _aINTERNET
650 _aINTERNET SHOPPING
650 _aE-COMMERCE
650 _aDELIVERIES
650 _aLAING HOMES
690 _aBUILT ENVIRONMENT-CONSTRUCTION DESIGN
942 _n0
999 _c64337
_d64337